000 00445nam a2200181Ia 4500
008 191125s9999 xx 000 0 und d
020 _a9788131505625
041 _a597
041 _aENGLISH
082 _a681.3.423.12 BRO
100 _aBronson (Gary J); Hurd (Andy)
245 0 _aAnsi C Programming
260 _bCenage Learning India Pvt. Ltd
_c597
365 _b325
_dRupees
563 _aPaper Pack
650 _aAnsi C
942 _cBK
999 _c60239
_d60239